3. Yankee - Quevedo - Estadísticas

Estadísticas generales
  • Esta prueba ha sido intentada 28 veces
  • La puntuación promedio es 456 de 483
Estadísticas de respuestas
% Correcto
a
100%
aquí?
100%
como
100%
de
100%
el
100%
en
100%
ha
100%
hotel
100%
le
100%
lo
100%
los
100%
Madrid
100%
me
100%
Me
100%
miedo
100%
no
100%
No
100%
o
100%
olor
100%
pecar
100%
polvo'
100%
Por
100%
por
100%
Que
100%
que
100%
recuerda
100%
se
100%
100%
si
100%
Si
100%
sigues
100%
te
100%
Te
100%
tengo
100%
ti
100%
Y
100%
y
100%
ya
100%
Yankee
100%
acabaría
95%
Al
95%
al
95%
alguien
95%
algún
95%
avisé
95%
Bebé
95%
bebé
95%
beso'
95%
conocía'
95%
día
95%
dice
95%
dura
95%
entera
95%
esta
95%
está
95%
estás
95%
hacen
95%
Haz
95%
isla
95%
la
95%
Mami
95%
mami
95%
ni
95%
nos
95%
Nos
95%
pa'
95%
Pa'
95%
pasado
95%
Pero
95%
reencontraremo'
95%
Su
95%
todavía
95%
todo
95%
tranquilice
95%
95%
tus
95%
vemo'
95%
Cuántas
89%
decir
89%
fallaron
89%
noche
89%
premio
89%
puedo
89%
serio
89%
supiera
89%
vece'
89%
¿volviste
89%
Yeah
89%
yeah
89%
yo
89%
caso
84%
coja'
84%
digan
84%
hagas
84%
medio'
84%
medio
84%
tienes
84%
besé
79%
colegio
79%
Dios
79%
Eres
79%
esperando
79%
Fue
79%
hemisferio
79%
hora
79%
maldita
79%
nadie
79%
nota
79%
otro
79%
privado
79%
quité
79%
recé
79%
ROSALÍA
79%
tanto
79%
teteo
79%
alcohol
74%
camiseta
74%
Candy
74%
Chencho
74%
desde
74%
digo
74%
Dime
74%
escuchando
74%
estaba
74%
esto
74%
loca
74%
panty
74%
pie
74%
quitamo'
74%
quizá
74%
Randy
74%
una
74%
Fumando
68%
Llegamo'
68%
Maldy
68%
vuelo
63%
tenerte
58%
meta
47%
ennota'o
0%
No se encontraron pruebas coincidentes
Distribución de puntuación
Porcentaje de gente con cada puntuación
Porcentaje por número respondido
Historial de tus puntuaciones
No has intentado esta prueba.